| 000 | 00000nam##2200000za#4500 |
| 001 | 9.579117 |
| 003 | CaOODSP |
| 005 | 20210624190418 |
| 007 | cr ||||||||||| |
| 008 | 150406|1995||||xxc|||||o f|0| 0 eng|d |
| 022 | |a1488-5379 |
| 040 | |aCaOODSP|beng |
| 043 | |an-cn--- |
| 086 | 1 |aFs97-6/2120E-PDF |
| 110 | 1 |aCanada. |bDepartment of Fisheries and Oceans. |
| 245 | 10|aConsolidation of fisheries resource information West Coast Vancouver Island / |h[electronic resource]|cby Jacqueline Booth, Harriet Rueggeberg and Margaret Wright. |
| 260 | |aNanaimo - British Columbia : |bFisheries and Oceans Canada |c1995. |
| 300 | |a124p.|bfigs., references, tables |
| 490 | 1 |aCanadian technical report of fisheries and aquatic sciences|x1488-5379|vNo. 2120 |
| 500 | |aOn t. p. : Habitat and Enhancement Branch, Nanaimo, British Columbia. The catalogue number and ISSN for the print edition appear in the PDF version. |
| 546 | |a(Résumé en français) |
| 590 | |a14-05-Supp|b2014-02-26 |
| 720 | 1 |aBooth, J. |
| 720 | 1 |aRueggeberg, H. |
| 720 | 1 |aWright, Margaret |
| 830 | #0|aCanadian technical report of fisheries and aquatic sciences,|x1488-5379|vNo. 2120|w(CaOODSP)9.504449 |
| 856 | 40|ahttp://publications.gc.ca|qPDF|s2447 KB|uhttps://publications.gc.ca/collections/collection_2014/mpo-dfo/Fs97-6-2120-eng.pdf|yNo. 2120 |